| 000 | 00407nam a22001577a 4500 | ||
|---|---|---|---|
| 005 | 20170909121643.0 | ||
| 008 | 170909b xxu||||| |||| 00| 0 eng d | ||
| 020 | _a978-81-203-3343-7 | ||
| 041 | _aeng | ||
| 082 | _a005.133 | ||
| 100 |
_aRAJARAMAN, V. _996 |
||
| 245 |
_aCOMPUTER BASIC AND C PROGRAMMING _c V. RAJARAMAN |
||
| 260 |
_aDELHI _bPHI LEARNING AND PVT LTD _c2008 |
||
| 300 | _a430p. | ||
| 942 | _cBK | ||
| 999 |
_c5554 _d5552 |
||